| 000 | 02151nam0a2200421 i 4500 | ||
|---|---|---|---|
| 001 | RU\NLR\bibl\1992572 | ||
| 005 | 20260409070040.0 | ||
| 010 |
_a9785845917928 _91000 |
||
| 021 |
_aRU _b2012-101571 _97486 |
||
| 035 | _a(NLR Aleph) 001981068 | ||
| 090 |
_a4091132 _c4091132 |
||
| 100 | _a20130128d2013 u y0rusy50 ca | ||
| 101 | 1 |
_arus _ceng |
|
| 102 | _aRU | ||
| 105 | _aac ||||||||| | ||
| 200 | 1 |
_aПроектирование процесса проектирования _eзаписки компьютерного эксперта _fФредерик П. Брукс, мл. _g[пер. с англ. и ред. К.А. Птицына] |
|
| 210 |
_aМосква [и др.] _cВильямс _d2013 [т.е. 2012] |
||
| 215 |
_a458 с. _cил., портр. _d24 |
||
| 300 | _aЗагл. и авт. ориг.: The Design of design: essays from a computer scientist / Frederick P. Brooks, jr. | ||
| 300 | _aНа 4-й с. обл. авт.: засл. проф. информатики | ||
| 300 | _aКн. фактически изд. в 2012 г. | ||
| 313 | _aв т.ч. строительное | ||
| 320 | _aБиблиогр.: с. 423-425, 431-443 (236 назв.) | ||
| 320 | _aПредм. указ.: с. 445-458 | ||
| 454 | 0 |
_12001#$aThe Design of design$eessays from a computer scientist _1700#1$aBrooks$bF. P.$cмл.$3RU\NLR\AUTH\770226952$gFrederick P.$f1931-$4070 _tThe Design of design _aBrooks, Frederick P. (мл. ; 1931-) |
|
| 606 | 1 |
_aПроектно-конструкторские работы _xАвтоматизация _91131100 _3RU\NLR\auth\66130006 |
|
| 606 | 1 |
_aПроектно-конструкторские работы _xОрганизация _92035858 _3RU\NLR\auth\66938199 |
|
| 606 |
_aСтроительное проектирование _xАвтоматизация _3RU\NLR\auth\66130631 _91132194 |
||
| 686 | _aЖ2-5-05 | ||
| 686 | _aН22-5-05 | ||
| 686 | _aЖ2-6 | ||
| 700 | 1 |
_4070 _7ca _8rus _aБрукс _bФ. _cмл. _f1931- _gФредерик _9226889 _3RU\NLR\AUTH\770226945 |
|
| 801 | 0 |
_aRU _bNLR _c20130128 _gRCR |
|
| 801 | 1 |
_aRU _bNLR _c20130128 |
|
| 942 | _cBOOK | ||
| 980 | _aNBR | ||